Reglamento para el equipamiento de los cargos de cubierta de las naves y artefactos navales nacionales

Sparad:
Bibliografiska uppgifter
Institutionella upphovsmän: Armada de Chile (Författare, medförfattare), DIRECTEMAR (Författare, medförfattare)
Materialtyp: Bok
Språk:spanska
Publicerad: Valparaíso Dirección General del Territorio Marítimo y de Marina Mercante 2002
Serie:Público, TM-038
Ämnen:
Taggar: Lägg till en tagg
Inga taggar, Lägg till första taggen!

MARC

LEADER 00000nam a2200000 a 4500
001 UCM9161
003 CL-VaPUC
008 030411e20020000CL |||||||||||||||||spa|d
082 0 4 |a 343.0965  |b ARM  |2 21 
110 2 |a Armada de Chile  |e author  |9 475591 
710 2 |a DIRECTEMAR  |e author  |9 475592 
245 1 0 |a Reglamento para el equipamiento de los cargos de cubierta de las naves y artefactos navales nacionales 
300 |a 23 p 
942 |c BK 
945 |d 20030411 00:00:00  |a cmena 
260 |a Valparaíso  |b Dirección General del Territorio Marítimo y de Marina Mercante  |c 2002 
650 0 |a Derecho marítimo  |9 255301 
650 0 |a Transporte marítimo  |9 260127 
650 7 |a EQUIPAMIENTO  |2 CL-VaPUC  |9 372898 
650 0 |a Barcos   |9 260866 
583 |a last modification  |c 20030411 00:00:00  |k Rodrigo Vera 
490 0 |a Público, TM-038 
999 |c 303537  |d 303535 
952 |0 0  |1 0  |4 0  |6 343_096500000000000_ARM_2002  |7 0  |8 CCM  |9 364887  |a BIBCUR  |b BIBCUR  |d 2019-11-21  |i 3894649  |o 343.0965 ARM 2002  |p 3894649  |r 2025-04-22  |w 2019-11-21  |y BK  |k CIM